Passaportes mais fracos da Europa - Statistics

Estatísticas Gerais
  • Esse quiz foi jogado 24 vezes
  • A pontuação média é 16 de 20
Estatísticas das Respostas
Posição Acessos País / Território % Correto
43º 114 Rússia
100%
40º 123 Albânia
95%
59º 82 Kosovo
90%
10º 182 Lituânia
90%
40º 123 Bósnia e Herzegovina
86%
13º 177 Romênia
86%
32º 138 Sérvia
86%
28º 147 Ucrânia
86%
60º 81 Belarus
81%
37º 129 Macedônia do Norte
81%
41º 121 Moldávia
81%
16º 170 San Marino
81%
15º 171 Andorra
76%
13º 177 Bulgária
76%
38º 128 Montenegro
76%
10º 182 Islândia
71%
11º 181 Liechtenstein
71%
24º 154 Vaticano
71%
12º 178 Chipre
62%
13º 177 Mônaco
62%
Nenhum quiz correspondente encontrado
Distribuição das Pontuações
Porcentagem de Pessoas com Cada Pontuação
Percentil de Números Respondidos
Sua Pontuação Histórica
Você não jogou esse quiz